000 01457cam a2200409 i 4500
999 _c200431513
_d49725
001 200431513
003 TR-AnTOB
005 20251209095935.0
007 ta
008 160711s2015 tu ah b 001 0dtur d
010 _a 2015346753
020 _a9786056408700
_qhardback
035 _a(OCoLC)ocn944243035
040 _aEYM
_beng
_erda
_cEYM
_dDLC
_dTR-AnTOB
041 0 _atur
042 _alccopycat
_alcode
043 _aa-tu---
050 0 0 _aJQ1806.Z3
090 _aJQ1806.Z3
_bA34 2015
100 1 _aAkgündüz, Ahmet,
_d1955-
_eauthor
_9150218
245 1 0 _aArşiv belgeleri ışığında Dâhiliye Nezâreti tarihi /
_cProf. Dr. Ahmed Akgündüz.
246 3 0 _aDâhiliye Nezâreti tarihi
264 1 _aAnkara :
_bTürk İdari Araştırmalar Vakfı,
_c2015.
300 _a784 pages :
_billustrations (some color), facsimiles ;
_c24 cm
336 _atext
_btxt
_2rdacontent
337 _aunmediated
_bn
_2rdamedia
338 _avolume
_bnc
_2rdacarrier
504 _aIncludes bibliographical references (pages 713-736) and index.
610 0 _aTurkey.
_bİçişleri Bakanlığı
_xHistory
_9122843
610 1 0 _aTürkiye
_bDahiliye Vekâleti
_9122844
610 0 _aTürkiye
_bDahiliye Nezareti
_xTarih
_9122846
651 7 _aTürkiye
_xSiyaset ve yönetim
_xTarih
_2etuturkob
_9122847
651 7 _aTürkiye
_xTarih
_yOsmanlı İmparatorluğu, 1288-1918
_2etuturkob
_955241
942 _2lcc
_cBK